| 000 | 01021nam a22002657a 4500 | ||
|---|---|---|---|
| 001 | 504 | ||
| 005 | 20230510150302.0 | ||
| 008 | 230510b cb ||||| |||| 00| 0 eng d | ||
| 020 | _a9781474942997 | ||
| 040 |
_aFISKH _beng _cFISKH _dFISKH |
||
| 082 | _a004 | ||
| 100 | _aJames, Alice | ||
| 245 | _a100 things to know about numbers, computers & coding | ||
| 260 |
_aLondon. _bUsborne Publishing Ltd. _c2018. |
||
| 300 |
_a127 pages. _c25 cm. |
||
| 505 | _aU | ||
| 520 | _aWhen was the webcam invented and why? Do imaginary numbers exist? What is fuzzy logic? Find the answers these questions about the amazing world of numbers, computers and coding, along with loads of other curious, amazing and mind-boggling facts, in this eye-catching book that is absolutely bursting with information. | ||
| 521 |
_a970
_bLexile IG |
||
| 521 |
_aU
_bRaz-Plus |
||
| 700 |
_aReynolds, Eddie _cauthor |
||
| 700 |
_aLacey, Minna _cauthor |
||
| 700 |
_aHall, Rose _cauthor |
||
| 700 |
_aFrith, Alex _cauthor |
||
| 942 |
_2ddc _cBK _n0 |
||
| 999 |
_c504 _d504 |
||